Hodnotenie efektívnosti vybraného európskeho klastra diplomová práca

Saved in:
Bibliographic Details
Main Author: Ábelová, Alexandra
Corporate Author: Fakulta podnikového manažmentu EU. Katedra podnikovohospodárska
Other Authors: Gajdová, Denisa, 1977-
Format: Book
Language:Slovak
Published: Bratislava 2021
Tags: Add Tag
No Tags, Be the first to tag this record!

MARC

LEADER 00000nbm a2200000 4500
001 0275561
005 20211203094548.0
041 0 |a slo 
044 |a SK 
245 1 0 |a Hodnotenie efektívnosti vybraného európskeho klastra  |b diplomová práca  |c Alexandra Ábelová ; školiteľ: Denisa Gajdová 
264 1 |a Bratislava  |c 2021 
300 |a 57 s. 
100 1 |a Ábelová, Alexandra 
700 1 |a Gajdová, Denisa, 1977- 
710 2 |a Fakulta podnikového manažmentu EU. Katedra podnikovohospodárska